<?xml version="1.0" encoding="UTF-8"?>
<record
    xmlns:xsi="http://www.w3.org/2001/XMLSchema-instance"
    xsi:schemaLocation="http://www.loc.gov/MARC21/slim http://www.loc.gov/standards/marcxml/schema/MARC21slim.xsd"
    xmlns="http://www.loc.gov/MARC21/slim">

  <leader>01314nam a22002417a 4500</leader>
  <datafield tag="999" ind1=" " ind2=" ">
    <subfield code="c">75991</subfield>
    <subfield code="d">75991</subfield>
  </datafield>
  <controlfield tag="005">20260309101517.0</controlfield>
  <controlfield tag="008">      s2558    th                  tha d</controlfield>
  <datafield tag="020" ind1=" " ind2=" ">
    <subfield code="a">9786162623240</subfield>
  </datafield>
  <datafield tag="040" ind1=" " ind2=" ">
    <subfield code="a">NALT</subfield>
  </datafield>
  <datafield tag="041" ind1=" " ind2=" ">
    <subfield code="a">tha</subfield>
  </datafield>
  <datafield tag="050" ind1=" " ind2=" ">
    <subfield code="a">Z 253.532.A34 </subfield>
    <subfield code="b">&#xE1E;553&#xE2A; 2558</subfield>
  </datafield>
  <datafield tag="100" ind1="0" ind2=" ">
    <subfield code="a">&#xE1E;&#xE31;&#xE19;&#xE08;&#xE31;&#xE19;&#xE17;&#xE23;&#xE4C; &#xE18;&#xE19;&#xE27;&#xE31;&#xE12;&#xE19;&#xE40;&#xE2A;&#xE16;&#xE35;&#xE22;&#xE23;.</subfield>
    <subfield code="9">7407</subfield>
  </datafield>
  <datafield tag="245" ind1="1" ind2="0">
    <subfield code="a">&#xE2A;&#xE23;&#xE49;&#xE32;&#xE07;&#xE07;&#xE32;&#xE19;&#xE1E;&#xE34;&#xE21;&#xE1E;&#xE4C;&#xE41;&#xE1A;&#xE1A;&#xE21;&#xE37;&#xE2D;&#xE2D;&#xE32;&#xE0A;&#xE35;&#xE1E;&#xE14;&#xE49;&#xE27;&#xE22; InDesign CS6 for beginners /</subfield>
    <subfield code="c">&#xE1E;&#xE31;&#xE19;&#xE08;&#xE31;&#xE19;&#xE17;&#xE23;&#xE4C; &#xE18;&#xE19;&#xE27;&#xE31;&#xE12;&#xE19;&#xE40;&#xE2A;&#xE16;&#xE35;&#xE22;&#xE23; &#xE41;&#xE25;&#xE30; &#xE21;&#xE19;&#xE31;&#xE2A;&#xE2A;&#xE34;&#xE19;&#xE35; &#xE25;&#xE48;&#xE33;&#xE2A;&#xE31;&#xE19;&#xE40;&#xE17;&#xE35;&#xE22;&#xE30;.</subfield>
  </datafield>
  <datafield tag="260" ind1=" " ind2=" ">
    <subfield code="a">&#xE01;&#xE23;&#xE38;&#xE07;&#xE40;&#xE17;&#xE1E;&#xE2F; : </subfield>
    <subfield code="b">&#xE23;&#xE35;&#xE44;&#xE27;&#xE27;&#xE48;&#xE32;, </subfield>
    <subfield code="c">2558.</subfield>
  </datafield>
  <datafield tag="300" ind1=" " ind2=" ">
    <subfield code="a">296 &#xE2B;&#xE19;&#xE49;&#xE32; :</subfield>
    <subfield code="b">&#xE20;&#xE32;&#xE1E;&#xE1B;&#xE23;&#xE30;&#xE01;&#xE2D;&#xE1A; ;</subfield>
    <subfield code="c">22 &#xE0B;&#xE21;.</subfield>
  </datafield>
  <datafield tag="650" ind1=" " ind2="0">
    <subfield code="a">&#xE2D;&#xE42;&#xE14;&#xE1A;&#xE35;&#xE2D;&#xE34;&#xE19;&#xE14;&#xE35;&#xE44;&#xE0B;&#xE19;&#xE4C; (&#xE42;&#xE1B;&#xE23;&#xE41;&#xE01;&#xE23;&#xE21;&#xE04;&#xE2D;&#xE21;&#xE1E;&#xE34;&#xE27;&#xE40;&#xE15;&#xE2D;&#xE23;&#xE4C;)</subfield>
    <subfield code="9">6211</subfield>
  </datafield>
  <datafield tag="650" ind1=" " ind2="0">
    <subfield code="a">&#xE01;&#xE32;&#xE23;&#xE2D;&#xE2D;&#xE01;&#xE41;&#xE1A;&#xE1A;&#xE2B;&#xE19;&#xE31;&#xE07;&#xE2A;&#xE37;&#xE2D;</subfield>
    <subfield code="9">6210</subfield>
  </datafield>
  <datafield tag="650" ind1=" " ind2="0">
    <subfield code="a">&#xE04;&#xE2D;&#xE21;&#xE1E;&#xE34;&#xE27;&#xE40;&#xE15;&#xE2D;&#xE23;&#xE4C;&#xE01;&#xE23;&#xE32;&#xE1F;&#xE34;&#xE01;</subfield>
    <subfield code="9">5834</subfield>
  </datafield>
  <datafield tag="700" ind1="0" ind2=" ">
    <subfield code="a">&#xE21;&#xE19;&#xE31;&#xE2A;&#xE2A;&#xE34;&#xE19;&#xE35; &#xE25;&#xE48;&#xE33;&#xE2A;&#xE31;&#xE19;&#xE40;&#xE17;&#xE35;&#xE22;&#xE30;</subfield>
    <subfield code="9">6194</subfield>
  </datafield>
  <datafield tag="850" ind1=" " ind2=" ">
    <subfield code="a">NALT</subfield>
  </datafield>
  <datafield tag="942" ind1=" " ind2=" ">
    <subfield code="c">GB</subfield>
    <subfield code="0">2</subfield>
    <subfield code="2">lcc</subfield>
  </datafield>
  <datafield tag="998" ind1=" " ind2=" ">
    <subfield code="j">104</subfield>
    <subfield code="k"> &#xE19;&#xE32;&#xE07;&#xE2A;&#xE32;&#xE27;&#xE2A;&#xE32;&#xE22;&#xE1D;&#xE19;  &#xE14;&#xE35;&#xE07;&#xE32;&#xE21;</subfield>
  </datafield>
  <datafield tag="952" ind1=" " ind2=" ">
    <subfield code="0">0</subfield>
    <subfield code="1">0</subfield>
    <subfield code="2">lcc</subfield>
    <subfield code="4">0</subfield>
    <subfield code="7">0</subfield>
    <subfield code="8">CGBL</subfield>
    <subfield code="a">NALT</subfield>
    <subfield code="b">NALT</subfield>
    <subfield code="e">&#xE08;&#xE31;&#xE14;&#xE0B;&#xE37;&#xE49;&#xE2D;&#xE17;&#xE23;&#xE31;&#xE1E;&#xE22;&#xE32;&#xE01;&#xE23;</subfield>
    <subfield code="g">199.00</subfield>
    <subfield code="l">2</subfield>
    <subfield code="m">2</subfield>
    <subfield code="o">Z 253.532.A34 &#xE1E;553&#xE2A; 2558</subfield>
    <subfield code="p">3961203914</subfield>
    <subfield code="r">2017-11-27 00:00:00</subfield>
    <subfield code="s">2017-11-14</subfield>
    <subfield code="v">249.00</subfield>
    <subfield code="w">2017-06-09</subfield>
    <subfield code="y">GB</subfield>
  </datafield>
</record>
